[Event "Eurasian Blitz Chess Cup"]
[Site "Almaty KAZ"]
[Date "2016.06.18"]
[Round "11.16"]
[White "Dzhumagaliev, Yan"]
[Black "Sjugirov, Sanan"]
[Result "0-1"]
[WhiteTitle "FM"]
[BlackTitle "GM"]
[WhiteElo "2400"]
[BlackElo "2665"]
[WhiteFideId "24100110"]
[BlackFideId "4189302"]
[EventDate "2016.06.18"]

1. d4 Nf6 2. c4 e6 3. g3 d5 4. Bg2 Bb4+ 5. Bd2 Be7 6. Nf3 O-O 7. Qc2 c6 8. O-O
b6 9. b3 Ba6 10. a4 Nbd7 11. a5 Ne4 12. Be1 b5 13. Nbd2 Nxd2 14. Nxd2 bxc4 15.
bxc4 Rc8 16. e4 c5 17. exd5 exd5 18. Bxd5 Nf6 19. Bg2 Qxd4 20. Rc1 Qd6 21. Ne4
Nxe4 22. Bxe4 g6 23. Bd5 Bf6 24. Bc3 Bxc3 25. Qxc3 Rce8 26. Rfe1 Bc8 27. Rcd1
Rxe1+ 28. Qxe1 Qc7 29. Rd3 Bb7 30. Kg2 h5 31. Qe3 Bxd5+ 32. Rxd5 Qxa5 33. Qxc5
Qa6 34. Qb5 Qc8 35. Qc5 Qb7 36. Qb5 Qc8 37. Qc5 Qa8 38. f3 Re8 39. Re5 Rd8 40.
Qe3 a5 41. Qc3 a4 42. Ra5 Qc6 43. Qb4 Re8 44. Kf2 Qe6 45. Qd2 Qb6+ 46. c5 Qc6
47. h4 Rb8 48. Kg2 Qf6 49. Qe3 Rb2+ 50. Kh3 Qf5+ 51. g4 hxg4+ 52. Kg3 gxf3 53.
Ra8+ Kh7 54. Rh8+ Kxh8 55. Qd4+ Kh7 56. Qxb2 Qxc5 57. Kxf3 a3 58. Qb3 Qc6+ 59.
Kf4 Qf6+ 60. Kg3 Qd6+ 61. Kf3 Kg7 62. Qc4 Qf6+ 63. Kg3 Qe5+ 64. Kf3 Qb2 65. h5
gxh5 66. Qd5 Qf6+ 67. Kg3 Qg6+ 68. Kf4 0-1

[Event "Eurasian Blitz Chess Cup"]
[Site "Almaty KAZ"]
[Date "2016.06.18"]
[Round "11.17"]
[White "Akhmetov, Ayan"]
[Black "Moiseenko, Alexander"]
[Result "0-1"]
[WhiteTitle "IM"]
[BlackTitle "GM"]
[WhiteElo "2269"]
[BlackElo "2648"]
[WhiteFideId "13703706"]
[BlackFideId "14102560"]
[EventDate "2016.06.18"]

1. d4 Nf6 2. Bf4 c5 3. c3 Qb6 4. Qb3 Qxb3 5. axb3 cxd4 6. cxd4 Nc6 7. Nf3 e6 8.
Nc3 Bb4 9. Bd2 b6 10. e3 Bb7 11. Bd3 Ke7 12. Ke2 Na5 13. Ra4 Nc6 14. Rha1 a5 15.
Rc1 Rhc8 16. Raa1 Ba6 17. Bxa6 Rxa6 18. Na4 Bxd2 19. Nxd2 Nd5 20. g3 f5 21. Nc3
Ndb4 22. Nc4 d5 23. Na3 Raa8 24. Nab5 Kd7 25. Na4 Rab8 26. Rc3 g5 27. Kd2 h6 28.
Rcc1 Ne7 29. f4 Ng8 30. Ke2 Nf6 31. h4 Ne4 32. hxg5 hxg5 33. fxg5 Nxg3+ 34. Kf3
Ne4 35. Rh1 Nxg5+ 36. Kf4 Rg8 37. Rag1 Nd3+ 38. Kg3 Nh3+ 39. Kxh3 Nf2+ 40. Kh2
Rh8+ 41. Kg2 Nxh1 42. Rc1 Rbg8+ 43. Kf3 Rh3+ 44. Kf4 Ke7 45. Nxb6 Rg4+ 0-1

[Event "Eurasian Blitz Chess Cup"]
[Site "Almaty KAZ"]
[Date "2016.06.18"]
[Round "11.18"]
[White "Kazhgaleyev, Murtas"]
[Black "Filippov, Anton UZB"]
[Result "1-0"]
[WhiteTitle "GM"]
[BlackTitle "GM"]
[WhiteElo "2582"]
[BlackElo "2582"]
[WhiteFideId "13700316"]
[BlackFideId "14200988"]
[EventDate "2016.06.18"]

1. d4 Nf6 2. Nf3 e6 3. e3 b6 4. Bd3 Bb7 5. O-O c5 6. c4 Be7 7. Nc3 cxd4 8. exd4
d5 9. cxd5 exd5 10. Re1 O-O 11. Bg5 Nbd7 12. Qd2 Re8 13. h3 h6 14. Bxh6 gxh6 15.
Qxh6 Bf8 16. Qh4 Bg7 17. Ng5 Nf8 18. Re5 Rxe5 19. dxe5 Ne4 20. Ncxe4 dxe4 21.
Bxe4 Bxe4 22. Qxe4 Rc8 23. h4 Rc5 24. f4 Qd2 25. Rf1 Rc2 26. f5 Bh6 27. e6 Bxg5
28. hxg5 fxe6 29. fxe6 Qe2 30. e7 1-0

[Event "Eurasian Blitz Chess Cup"]
[Site "Almaty KAZ"]
[Date "2016.06.18"]
[Round "11.19"]
[White "Sanikidze, Tornike"]
[Black "Dreev, Aleksey"]
[Result "0-1"]
[WhiteTitle "GM"]
[BlackTitle "GM"]
[WhiteElo "2548"]
[BlackElo "2664"]
[WhiteFideId "13602608"]
[BlackFideId "4100107"]
[EventDate "2016.06.18"]

1. Nf3 d5 2. g3 c6 3. Bg2 Bg4 4. O-O e6 5. d3 Nd7 6. e4 Bd6 7. h3 Bh5 8. Qe2 Ne7
9. c3 O-O 10. Nbd2 a5 11. Re1 a4 12. Nf1 Re8 13. d4 c5 14. e5 Bc7 15. g4 Bg6 16.
Nh4 cxd4 17. cxd4 Ba5 18. Rd1 Rc8 19. Bg5 Qb6 20. Nxg6 Nxg6 21. Rac1 Rc6 22. Ng3
Rec8 23. Bf1 Qa7 24. Qb5 Bb6 25. Ne2 h6 26. Be3 Ngxe5 27. dxe5 Bxe3 28. fxe3
Qxe3+ 29. Kg2 Nxe5 30. Rxc6 Qf3+ 31. Kg1 Rxc6 32. Qxa4 g5 33. Qd4 f6 34. Qf2 Rc2
35. Qxf3 Nxf3+ 36. Kf2 Ne5 37. Rb1 d4 38. Ke1 Nf3+ 39. Kd1 d3 40. Nd4 Nxd4 41.
Bxd3 Rh2 42. Be4 f5 43. Bxb7 f4 44. Rc1 Rxb2 45. Be4 Rxa2 46. Rc7 f3 47. Ke1
Re2+ 48. Kf1 Rxe4 0-1

[Event "Eurasian Blitz Chess Cup"]
[Site "Almaty KAZ"]
[Date "2016.06.18"]
[Round "11.20"]
[White "Savchenko, Boris"]
[Black "Arutinian, David"]
[Result "0-1"]
[WhiteTitle "GM"]
[BlackTitle "GM"]
[WhiteElo "2633"]
[BlackElo "2527"]
[WhiteFideId "4147332"]
[BlackFideId "13601741"]
[EventDate "2016.06.18"]

1. e4 Nc6 2. Bc4 e6 3. Nc3 Nf6 4. d3 d5 5. Bb5 dxe4 6. Bxc6+ bxc6 7. Nxe4 Nxe4
8. dxe4 Qxd1+ 9. Kxd1 Ba6 10. Be3 O-O-O+ 11. Ke1 Bb4+ 12. c3 Be7 13. Ne2 e5 14.
Nc1 Kb8 15. Nb3 Rd7 16. Na5 Bb7 17. Ke2 Rhd8 18. g4 c5 19. Kf3 Rd3 20. Nxb7 Kxb7
21. c4 Kc6 22. Ke2 R3d7 23. Rhc1 Rb8 24. Rc2 h6 25. Bd2 Bg5 26. Bc3 Bf4 27. h3
h5 28. gxh5 Rh8 29. Rg1 f6 30. Bd2 Rxh5 31. Bxf4 exf4 32. Rc3 g5 33. Rd1 Re7 34.
Rd8 f5 35. Rf8 Rxe4+ 36. Kf1 g4 37. Rf6+ Kd7 38. Rd3+ Ke7 39. Rc6 Rxc4 40. Rxc7+
Ke6 41. hxg4 fxg4 42. Rxa7 f3 43. Re3+ Kf6 44. Ra6+ Kf5 45. Ke1 Rd4 0-1

[Event "Eurasian Blitz Chess Cup"]
[Site "Almaty KAZ"]
[Date "2016.06.18"]
[Round "11.21"]
[White "Ghaem Maghami, Ehsan"]
[Black "Vallejo Pons, Francisco"]
[Result "0-1"]
[WhiteTitle "GM"]
[BlackTitle "GM"]
[WhiteElo "2551"]
[BlackElo "2711"]
[WhiteFideId "12500739"]
[BlackFideId "2205530"]
[EventDate "2016.06.18"]

1. c4 Nf6 2. d4 e6 3. Nf3 b6 4. Nc3 Bb4 5. Bd2 Bb7 6. g3 c5 7. a3 Bxc3 8. Bxc3
Ne4 9. Qd3 Nxc3 10. Qxc3 Qf6 11. O-O-O Bxf3 12. Qxf3 Qxf3 13. exf3 Nc6 14. d5
Nd4 15. f4 Rb8 16. Bg2 Ke7 17. Rhe1 b5 18. cxb5 Rxb5 19. Bf1 Rb6 20. Bc4 Rhb8
21. b4 a5 22. d6+ Kxd6 23. bxc5+ Kxc5 24. Ba2 Rb2 25. Re5+ d5 26. Bb1 Rxb1+ 0-1

[Event "Eurasian Blitz Chess Cup"]
[Site "Almaty KAZ"]
[Date "2016.06.18"]
[Round "11.22"]
[White "Yilmaz, Mustafa"]
[Black "Jumabayev, Rinat"]
[Result "1/2-1/2"]
[WhiteTitle "GM"]
[BlackTitle "GM"]
[WhiteElo "2613"]
[BlackElo "2613"]
[WhiteFideId "6302718"]
[BlackFideId "13702661"]
[EventDate "2016.06.18"]

1. Nf3 Nf6 2. c4 e6 3. d4 b6 4. g3 Bb7 5. Bg2 Be7 6. O-O O-O 7. Nc3 d5 8. cxd5
exd5 9. Ne5 h6 10. Bf4 Re8 11. Rc1 Na6 12. Qa4 Bf8 13. Rfd1 c5 14. dxc5 Nxc5 15.
Qd4 g5 16. Be3 Bg7 17. Nf3 a5 18. Qd2 Qe7 19. Nd4 Qd7 20. f3 Rad8 21. Bf2 Bc8
22. g4 Qb7 23. h4 Nh7 24. hxg5 hxg5 25. e3 Nf8 26. Bg3 Ng6 27. Ncb5 Be5 28. Bxe5
Nxe5 29. b3 Qe7 30. Bf1 Qf6 31. Qf2 Ng6 32. Re1 Re7 33. Rcd1 Rde8 34. Nc3 Re5
35. Nc2 Bb7 36. Nd4 Bc8 37. Nc2 Be6 38. Nb5 Bd7 39. Nbd4 R5e7 40. Qg3 Kg7 41.
Rd2 Rh8 42. Rh2 Rxh2 43. Qxh2 Re8 44. Qg3 Qe5 45. Qxe5+ Nxe5 46. Rd1 Rc8 47. Kf2
Kf6 48. Be2 Be6 49. Na3 Nc6 50. Nab5 Nxd4 51. Nxd4 Nd7 52. Bb5 Ne5 53. Bf1 Ke7
54. Rd2 Rc1 55. Rc2 Rxc2+ 56. Nxc2 Nc6 57. Bb5 Ne5 58. Nd4 Kd6 59. Ke2 Ng6 60.
Bd3 Ne7 61. Nb5+ Kd7 62. Kd2 f5 63. gxf5 Bxf5 64. Be2 Bg6 65. Nd4 Kd6 66. Kc3
Bb1 67. a3 Bg6 68. Nb5+ Ke5 69. Nd4 Be8 70. b4 axb4+ 71. Kxb4 Kd6 72. Bb5 Bh5
73. Bd3 Be8 74. Bb5 Bh5 75. Be2 Be8 76. Bf1 Ng6 77. Bb5 Bf7 78. Ba4 Ne5 79. Bb3
Be8 80. Kc3 Bh5 81. f4 gxf4 82. exf4 Ng4 83. Bd1 Nf6 84. Nf5+ Kc5 85. Bc2 Bg6
86. Nd4 Bxc2 87. Nxc2 Nh5 88. f5 Ng3 89. Nd4 Ne4+ 90. Kd3 Nf6 91. Ke3 Nd7 92.
Kd3 Kd6 93. Kc3 Ke5 94. Nb3 Kxf5 95. Kd4 Ke6 96. a4 Nb8 97. Kc3 Nc6 98. Nc1 Kd6
99. Nd3 Ne5 100. Nb4 Nc6 101. Nd3 Ne7 102. Kb4 Kc6 103. a5 b5 104. Ne5+ Kd6 105.
Nd3 Kc6 1/2-1/2

[Event "Eurasian Blitz Chess Cup"]
[Site "Almaty KAZ"]
[Date "2016.06.18"]
[Round "11.23"]
[White "Utegaliyev, Azamat"]
[Black "Pantsulaia, Levan"]
[Result "0-1"]
[BlackTitle "GM"]
[WhiteElo "2494"]
[BlackElo "2612"]
[WhiteFideId "13702467"]
[BlackFideId "13602071"]
[EventDate "2016.06.18"]

1. e4 c5 2. Nc3 a6 3. g3 b5 4. Bg2 Bb7 5. d3 d6 6. Nge2 g6 7. O-O Bg7 8. f4 Nc6
9. Nd5 e6 10. Ne3 Nf6 11. g4 Qb6 12. Ng3 O-O-O 13. a4 h5 14. g5 Nd7 15. axb5
axb5 16. h4 Kc7 17. c3 Ra8 18. Rb1 Qa5 19. Bd2 Qa4 20. Qc1 Qa7 21. Kh2 f6 22.
gxf6 Bxf6 23. Bh3 Rae8 24. Qd1 Bxh4 25. Qb3 Nd8 26. Qxb5 Ba6 27. Qa4 Qb7 28. c4
Nc6 29. b4 Nb6 30. Qa3 cxb4 31. Rxb4 Nxb4 32. Bxb4 Qc6 33. Rb1 Re7 34. c5 dxc5
35. Bxc5 Nc8 36. Bxe7 Bxe7 37. Qa5+ Kd7 38. f5 Bxd3 39. fxe6+ Ke8 40. Rb8 Bd6
41. Rxc8+ Qxc8 42. e7 Qc7 43. Qa4+ Kf7 44. Qb3+ Kg7 45. Qxd3 Bxg3+ 46. Kg2 Bh4
47. Nd5 Qe5 48. Qb5 Qxe4+ 49. Kh2 Qe5+ 50. Kg1 Ra8 0-1

[Event "Eurasian Blitz Chess Cup"]
[Site "Almaty KAZ"]
[Date "2016.06.18"]
[Round "11.24"]
[White "Fressinet, Laurent"]
[Black "Kostenko, Petr"]
[Result "1-0"]
[WhiteTitle "GM"]
[BlackTitle "GM"]
[WhiteElo "2687"]
[BlackElo "2476"]
[WhiteFideId "608742"]
[BlackFideId "13700669"]
[EventDate "2016.06.18"]

1. Nf3 c5 2. c4 g6 3. g3 Bg7 4. Bg2 Nc6 5. Nc3 e6 6. d4 cxd4 7. Nb5 d5 8. cxd5
Qa5+ 9. Nd2 Qxb5 10. dxc6 Ne7 11. a4 Qb4 12. b3 Nd5 13. Ba3 Qa5 14. O-O bxc6 15.
Nc4 Qc7 16. Nd6+ Kd8 17. Rc1 Rb8 18. Nc4 c5 19. e4 Nb4 20. e5 Ba6 21. Re1 Bxc4
22. Rxc4 Bxe5 23. Qd2 a5 24. Qg5+ f6 25. Qd2 Re8 26. Rec1 Bd6 27. Rxd4 cxd4 28.
Rxc7 Kxc7 29. Qxd4 Rb6 30. Qxf6 Re7 31. Bb2 Nd5 32. Bxd5 exd5 33. Qc3+ Kd7 34.
Qxa5 Rxb3 35. Bd4 Re4 36. Qxd5 Re1+ 37. Kg2 Rbb1 38. Bc5 Rbd1 39. Qb7+ Ke6 40.
Bxd6 Rxd6 41. Qxh7 Kd5 42. a5 Ree6 43. h4 Kc5 44. Qb7 Ra6 45. Qb3 Rec6 46. Qa4
Rd6 47. Kh3 Rdc6 48. f4 Rd6 49. Kg4 Rac6 50. Qb3 Ra6 51. Qa4 Rac6 52. h5 gxh5+
53. Kxh5 Rh6+ 54. Kg4 Rcg6+ 55. Kf3 Rd6 56. Qc2+ Kb5 57. f5 Kxa5 58. g4 Kb4 59.
g5 Rh4 60. g6 Rdd4 61. Qc7 Rd3+ 62. Ke2 Rhd4 63. Qb6+ Kc3 64. Qc5+ Kb2 65. Qb6+
Kc2 66. Qc5+ Kb3 67. Qa5 Rg3 68. Qb6+ Rb4 69. Qe6+ Kc2 70. Kf2 Rgg4 71. f6 Rbe4
72. Qc6+ Kd3 73. Qd5+ Kc2 74. f7 Ref4+ 75. Ke3 Rf6 76. Qc5+ Kd1 77. Qd5+ Kc2 78.
Qc5+ Kd1 79. f8=Q Rg3+ 80. Kd4 Rg4+ 81. Kc3 Rg3+ 82. Kb2 Rg2+ 83. Kb1 Rgxg6 84.
Qd4+ Ke2 85. Qfxf6 Rxf6 86. Qxf6 1-0

[Event "Eurasian Blitz Chess Cup"]
[Site "Almaty KAZ"]
[Date "2016.06.18"]
[Round "12.5"]
[White "Jones, Gawain C B"]
[Black "Kasimdzhanov, Rustam"]
[Result "0-1"]
[WhiteTitle "GM"]
[BlackTitle "GM"]
[WhiteElo "2650"]
[BlackElo "2703"]
[WhiteFideId "409561"]
[BlackFideId "14200244"]
[EventDate "2016.06.18"]

1. e4 e5 2. Nf3 Nc6 3. d4 exd4 4. Nxd4 Bc5 5. Nxc6 bxc6 6. Bd3 d6 7. O-O Nf6 8.
h3 h6 9. Nd2 O-O 10. Nb3 Bb6 11. Qf3 Be6 12. Be3 Nd7 13. Qg3 Bxe3 14. Qxe3 c5
15. Na5 Re8 16. f4 c6 17. Qd2 Qb6 18. Kh1 Nf6 19. c4 Rad8 20. Rae1 d5 21. cxd5
cxd5 22. exd5 Rxd5 23. f5 Bd7 24. Nc4 Qd8 25. Ne3 Ne4 26. Qc2 Ng3+ 27. Kg1 Nxf1
28. Kxf1 Rde5 29. Qf2 Qe7 30. Nc2 Rxe1+ 31. Nxe1 Bc6 32. Nc2 Be4 33. Bxe4 Qxe4
34. Qxc5 Re5 35. Qc8+ Kh7 36. Kg1 Qxf5 37. Qc4 Rc5 38. Ne3 Rxc4 39. Nxf5 Rc2 0-1

[Event "Eurasian Blitz Chess Cup"]
[Site "Almaty KAZ"]
[Date "2016.06.18"]
[Round "12.7"]
[White "Kovalenko, Igor"]
[Black "Shoker, Samy"]
[Result "1-0"]
[WhiteTitle "GM"]
[BlackTitle "GM"]
[WhiteElo "2668"]
[BlackElo "2489"]
[WhiteFideId "14117908"]
[BlackFideId "627143"]
[EventDate "2016.06.18"]

1. e4 g6 2. d4 Bg7 3. Nf3 d6 4. Bc4 Nc6 5. c3 Nf6 6. Qe2 Bg4 7. Nbd2 O-O 8. h3
Bc8 9. O-O Nh5 10. Rd1 Nf4 11. Qe1 e5 12. dxe5 dxe5 13. Nf1 Qf6 14. N1h2 h5 15.
b4 a6 16. a4 g5 17. Bxf4 exf4 18. Rd5 g4 19. e5 Qe7 20. Qe4 gxf3 21. Nxf3 Be6
22. Bd3 Rfd8 23. Rc5 a5 24. Bb5 axb4 25. cxb4 Qd7 26. Qxf4 Qe7 27. Rac1 Kh7 28.
Qe4+ Kg8 29. Qf4 Kh7 30. Qe4+ Kg8 31. a5 Rab8 32. a6 Nxb4 33. Rxc7 Qf8 34. Ng5
f5 35. exf6 Qxf6 36. Qh7+ Kf8 37. Nxe6+ 1-0

[Event "Eurasian Blitz Chess Cup"]
[Site "Almaty KAZ"]
[Date "2016.06.18"]
[Round "12.9"]
[White "Le, Quang Liem"]
[Black "Anton Guijarro, David"]
[Result "1-0"]
[WhiteTitle "GM"]
[BlackTitle "GM"]
[WhiteElo "2718"]
[BlackElo "2627"]
[WhiteFideId "12401137"]
[BlackFideId "2285525"]
[EventDate "2016.06.18"]

1. d4 Nf6 2. c4 e6 3. Nf3 b6 4. e3 Bb7 5. Bd3 d5 6. O-O Bd6 7. Nc3 O-O 8. Qe2
Ne4 9. Rd1 Nd7 10. Bd2 a6 11. Be1 f5 12. Rac1 Qe7 13. a3 g5 14. b4 g4 15. Nd2
Bxh2+ 16. Kxh2 Qh4+ 17. Kg1 Rf6 18. f4 g3 19. Nf3 Qh5 20. Kf1 Qh1+ 21. Ng1 Nf2
22. Bxf2 dxc4 23. Bxc4 gxf2 24. Qxf2 Rg6 25. d5 Nf6 26. Be2 exd5 27. Bf3 c6 28.
Ne2 Qh6 29. Nd4 Re8 30. Nxf5 Qf8 31. Nh4 Rg7 32. Nh3 h6 33. Nf5 Rg6 34. Nh4 Rg7
35. Rc3 c5 36. bxc5 bxc5 37. Rb1 Bc8 38. Rb6 d4 39. exd4 cxd4 40. Qxd4 Bxh3 41.
Rxf6 Qe7 42. Bd5+ Kh7 43. Qe4+ Qxe4 44. Bxe4+ Rxe4 45. Rxh3 1-0

[Event "Eurasian Blitz Chess Cup"]
[Site "Almaty KAZ"]
[Date "2016.06.18"]
[Round "12.10"]
[White "Gunina, Valentina"]
[Black "Onischuk, Vladimir"]
[Result "0-1"]
[WhiteTitle "GM"]
[BlackTitle "GM"]
[WhiteElo "2518"]
[BlackElo "2613"]
[WhiteFideId "4167570"]
[BlackFideId "14114038"]
[EventDate "2016.06.18"]

1. d4 d6 2. c4 e5 3. Nc3 exd4 4. Qxd4 Nc6 5. Qd2 g6 6. b3 Bg7 7. Bb2 Nf6 8. e4
O-O 9. f3 a5 10. Bd3 Be6 11. Nge2 Ne5 12. O-O a4 13. Nd4 axb3 14. axb3 Rxa1 15.
Rxa1 Nxd3 16. Qxd3 Nd7 17. Qd2 Nc5 18. Nce2 Bd7 19. b4 Na4 20. c5 dxc5 21. bxc5
Nxb2 22. Qxb2 Qf6 23. Rd1 b6 24. Qc1 bxc5 25. Qxc5 Qb6 26. Qxb6 cxb6 27. Rb1 Rb8
28. Nb5 Bf8 29. Nec3 Bc5+ 30. Kf1 Ra8 31. Ke2 Kg7 32. h3 h5 33. Kd3 h4 34. Nc7
Ra7 35. N7d5 b5 36. Nxb5 Ra2 37. Nf4 g5 38. Ne2 Be7 39. Nbc3 Ra5 40. Nd4 Bf6 41.
Nd5 Ra3+ 42. Kc4 Ra2 43. Ne3 Ra4+ 44. Rb4 Rxb4+ 45. Kxb4 Bxd4 46. Nd5 Be5 47.
Kc5 Ba4 48. Ne3 Bb3 49. Kb4 Be6 50. Kc5 Kf8 51. Nc2 Ke7 52. Ne3 Bd6+ 53. Kd4 f6
54. Nc2 Kd7 55. Kd3 Bc5 56. Ne1 Kd6 57. f4 gxf4 58. Nf3 Bf2 59. Ke2 Bg3 60. Kd3
Kc5 61. Kc3 Bc4 62. Kd2 Bf1 63. e5 fxe5 0-1

[Event "Eurasian Blitz Chess Cup"]
[Site "Almaty KAZ"]
[Date "2016.06.18"]
[Round "12.11"]
[White "Ismagambetov, Anuar"]
[Black "Artemiev, Vladislav"]
[Result "0-1"]
[WhiteTitle "GM"]
[BlackTitle "GM"]
[WhiteElo "2542"]
[BlackElo "2653"]
[WhiteFideId "13701525"]
[BlackFideId "24101605"]
[EventDate "2016.06.18"]

1. e4 c5 2. b3 d6 3. Bb2 Nf6 4. Nc3 g6 5. f4 Bg7 6. Nf3 Nxe4 7. Bb5+ Bd7 8. Bd3
Nf6 9. Qe2 Nc6 10. O-O-O Qa5 11. Kb1 O-O 12. h3 Nh5 13. Qe3 Bd4 14. Qe1 Nxf4 15.
Bf1 Bg7 16. g3 Ne6 17. h4 Ned4 18. Qf2 Nb4 19. Ne1 Bf5 20. d3 Nb5 21. Na4 Bxb2
22. Kxb2 Nxa2 23. Ra1 Nac3 24. Ng2 Nxa4+ 25. Rxa4 Qc3+ 26. Kc1 Nd4 27. Kb1 Nxb3
28. Qe1 Qxe1+ 29. Nxe1 Nd2+ 30. Kb2 Nxf1 31. Rxf1 Bd7 32. Re4 Rae8 33. c4 f5 34.
Re3 e5 35. Kc3 Bc6 36. Nc2 Kg7 37. Ra1 a6 38. Rae1 h6 39. R3e2 b5 40. Ra1 Ra8
41. Ra5 f4 42. gxf4 Rxf4 43. Rh2 bxc4 44. dxc4 Rf3+ 45. Kd2 Be4 46. Ne3 Rb8 47.
Ra2 Rb3 48. Nd1 Rfd3+ 49. Kc1 Rd4 50. Nb2 Rc3+ 0-1

[Event "Eurasian Blitz Chess Cup"]
[Site "Almaty KAZ"]
[Date "2016.06.18"]
[Round "12.13"]
[White "Vakhidov, Jahongir"]
[Black "Jobava, Baadur"]
[Result "0-1"]
[WhiteTitle "GM"]
[BlackTitle "GM"]
[WhiteElo "2578"]
[BlackElo "2669"]
[WhiteFideId "14201801"]
[BlackFideId "13601520"]
[EventDate "2016.06.18"]

1. c4 Nf6 2. g3 g6 3. Bg2 Bg7 4. d4 d6 5. Nc3 Nbd7 6. Nf3 e5 7. O-O O-O 8. dxe5
dxe5 9. h3 c6 10. Qc2 Qc7 11. Rd1 Re8 12. e4 a5 13. Be3 Bf8 14. Na4 b6 15. c5 b5
16. Nb6 Rb8 17. Nxc8 Rbxc8 18. h4 Ng4 19. Bh3 Nxe3 20. fxe3 Rcd8 21. Bxd7 Rxd7
22. Rxd7 Qxd7 23. Rd1 Qa7 24. Rc1 Rd8 25. Kf2 Qd7 26. Qc3 a4 27. Rc2 Qe6 28. b3
axb3 29. axb3 f6 30. Rd2 Ra8 31. b4 Kg7 32. Qd3 Ra7 33. Qd8 Rf7 34. Qd3 h6 35.
Rb2 Rd7 36. Qb3 Qg4 37. Rd2 Rf7 38. Qd3 Qe6 39. Kg2 h5 40. Qc2 Ra7 41. Qd3 Be7
42. Kf2 Kf7 43. Kg2 Ra4 44. Rb2 Ra7 45. Qb3 Qxb3 46. Rxb3 Ra2+ 47. Kf1 Rc2 48.
Ne1 Rc4 49. Ke2 Rxe4 50. Nd3 Rg4 51. Kf2 Ke6 52. Ra3 Rc4 53. Ra6 Kd5 54. Ke2
Rc2+ 55. Kd1 Rg2 56. Ra7 Bf8 57. Rf7 Bh6 58. Rxf6 Bxe3 59. Ke1 e4 60. Kf1 Rxg3
61. Nf2 Bxf2 62. Kxf2 Rf3+ 63. Rxf3 exf3 64. Kxf3 Kc4 65. Kf4 0-1

[Event "Eurasian Blitz Chess Cup"]
[Site "Almaty KAZ"]
[Date "2016.06.18"]
[Round "12.14"]
[White "Hou, Yifan"]
[Black "Marin, Mihail"]
[Result "1/2-1/2"]
[WhiteTitle "GM"]
[BlackTitle "GM"]
[WhiteElo "2663"]
[BlackElo "2576"]
[WhiteFideId "8602980"]
[BlackFideId "1200020"]
[EventDate "2016.06.18"]

1. e4 d6 2. d4 Nf6 3. Nc3 g6 4. Be3 Bg7 5. Qd2 O-O 6. Nf3 c6 7. h3 Qc7 8. Bd3
Nbd7 9. O-O e5 10. a4 Re8 11. dxe5 Nxe5 12. Be2 Ned7 13. Bc4 Ne5 14. Nxe5 dxe5
15. Rfd1 Be6 16. Bxe6 Rxe6 17. a5 Bf8 18. Ra4 Rd6 19. Qe2 Rxd1+ 20. Qxd1 Nd7 21.
Qe2 Nc5 22. Ra1 Ne6 23. Qc4 Kg7 24. g3 h5 25. h4 Qd6 26. Rd1 Qc7 27. b4 b5 28.
axb6 axb6 29. b5 Rc8 30. Rb1 cxb5 31. Qxc7 Rxc7 32. Nxb5 Rxc2 33. Bxb6 Bc5 34.
Bxc5 Nxc5 35. Nd6 Rd2 36. Rb5 Rxd6 1/2-1/2

[Event "Eurasian Blitz Chess Cup"]
[Site "Almaty KAZ"]
[Date "2016.06.18"]
[Round "12.15"]
[White "Khusnutdinov, Rustam"]
[Black "Kotsur, Pavel"]
[Result "1-0"]
[WhiteTitle "GM"]
[BlackTitle "GM"]
[WhiteElo "2476"]
[BlackElo "2552"]
[WhiteFideId "13701703"]
[BlackFideId "13700278"]
[EventDate "2016.06.18"]

1. d4 e6 2. c4 Nf6 3. Nc3 Bb4 4. e3 O-O 5. Bd3 c5 6. Ne2 b6 7. a3 Ba5 8. Rb1 Na6
9. O-O Bb7 10. d5 Bxc3 11. Nxc3 exd5 12. cxd5 d6 13. e4 Nc7 14. b4 Ba6 15. Bb2
Bxd3 16. Qxd3 Re8 17. Rbe1 Qd7 18. h3 Rac8 19. Qg3 Qd8 20. Re2 cxb4 21. axb4 Na6
22. Nb5 Nxb4 23. Nxd6 Nh5 24. Qh2 Nxd5 25. Nxe8 Qxe8 26. Qe5 Qxe5 27. Bxe5 Nb4
28. Rd2 f6 29. Bd6 Nc6 30. g4 Ra8 1-0

[Event "Eurasian Blitz Chess Cup"]
[Site "Almaty KAZ"]
[Date "2016.06.18"]
[Round "12.16"]
[White "Sjugirov, Sanan"]
[Black "Dzhumagaliev, Yan"]
[Result "0-1"]
[WhiteTitle "GM"]
[BlackTitle "FM"]
[WhiteElo "2665"]
[BlackElo "2400"]
[WhiteFideId "4189302"]
[BlackFideId "24100110"]
[EventDate "2016.06.18"]

1. d4 Nf6 2. Nf3 e6 3. Bg5 c5 4. e3 Nc6 5. Nbd2 h6 6. Bh4 d5 7. c3 g5 8. Bg3 Qb6
9. Rb1 Bg7 10. h4 g4 11. Ne5 h5 12. Bd3 Nd7 13. Nxc6 Qxc6 14. b4 c4 15. Bc2 f5
16. f3 Bh6 17. Qe2 O-O 18. O-O b5 19. a4 a6 20. e4 f4 21. fxg4 fxg3 22. g5 Bg7
23. e5 Nxe5 24. dxe5 Qb6+ 25. Kh1 Rf2 26. Qxh5 Bb7 27. Rxf2 gxf2 28. Rf1 Qe3 29.
Nf3 d4 30. cxd4 Qe2 31. Qh7+ Kf8 32. Nh2 Rd8 33. h5 Rxd4 34. Bf5 Rh4 35. Bh3
Qxf1+ 0-1

[Event "Eurasian Blitz Chess Cup"]
[Site "Almaty KAZ"]
[Date "2016.06.18"]
[Round "12.17"]
[White "Moiseenko, Alexander"]
[Black "Akhmetov, Ayan"]
[Result "1-0"]
[WhiteTitle "GM"]
[BlackTitle "IM"]
[WhiteElo "2648"]
[BlackElo "2269"]
[WhiteFideId "14102560"]
[BlackFideId "13703706"]
[EventDate "2016.06.18"]

1. d4 Nf6 2. c4 e6 3. Nc3 c5 4. d5 exd5 5. cxd5 Bd6 6. g3 O-O 7. Bg2 Bc7 8. d6
Ba5 9. Nh3 Re8 10. O-O Nc6 11. Bg5 Bxc3 12. bxc3 b6 13. Bxf6 gxf6 14. e3 Bb7 15.
Qg4+ Kh8 16. Qh5 Na5 17. Qxf7 Bxg2 18. Kxg2 Re6 19. Nf4 Rxd6 20. Rad1 Nb7 21.
Rxd6 Nxd6 22. Qd5 Ne8 23. Rd1 d6 24. Nh5 Rc8 25. Qf7 h6 26. Qf8+ Kh7 27. Qf7+
Kh8 28. Nf4 Ng7 29. Qg6 Qe7 30. Qxh6+ Kg8 31. Nd5 Qe4+ 32. Kg1 Qf3 33. Nxf6+ Kf7
34. Rxd6 Rc7 35. Nd5 Nf5 36. Qf6+ Kg8 37. Rd8+ 1-0

[Event "Eurasian Blitz Chess Cup"]
[Site "Almaty KAZ"]
[Date "2016.06.18"]
[Round "12.18"]
[White "Filippov, Anton UZB"]
[Black "Kazhgaleyev, Murtas"]
[Result "0-1"]
[WhiteTitle "GM"]
[BlackTitle "GM"]
[WhiteElo "2582"]
[BlackElo "2582"]
[WhiteFideId "14200988"]
[BlackFideId "13700316"]
[EventDate "2016.06.18"]

1. e4 e5 2. Nf3 d6 3. d4 exd4 4. Nxd4 Nf6 5. Nc3 Be7 6. Be2 O-O 7. O-O Re8 8.
Re1 Bf8 9. Bf1 Nbd7 10. h3 c6 11. Bf4 Ne5 12. a4 Ng6 13. Bh2 Qc7 14. Qd2 Bd7 15.
Rad1 Rad8 16. Kh1 Bc8 17. b3 a6 18. f4 Qa5 19. f5 Ne5 20. Nf3 b5 21. axb5 axb5
22. Nd5 Qxd2 23. Nxf6+ gxf6 24. Rxd2 d5 25. c3 dxe4 26. Rxd8 Rxd8 27. Nxe5 fxe5
28. g4 f6 29. Rxe4 Bb7 30. Re1 0-1